[Event "TUR-chT 1st League"]
[Site "Konya"]
[Date "2017.07.22"]
[Round "8.5"]
[White "Yuksel, Atilla Koksal"]
[Black "Sertbay, Huseyin"]
[Result "1-0"]
[WhiteElo "2091"]
[BlackElo "2027"]
[PlyCount "111"]
[EventDate "2017.07.17"]
[EventType "team-swiss"]
[EventRounds "9"]
[EventCountry "TUR"]
[SourceTitle "CBM 179 Extra"]
[Source "ChessBase"]
[SourceDate "2017.08.23"]
[SourceVersion "1"]
[SourceVersionDate "2017.08.23"]
[SourceQuality "1"]
[WhiteTeam "Ankara Dernegi"]
[BlackTeam "Istanbul Teknik Uni"]
[WhiteTeamCountry "TUR"]
[BlackTeamCountry "TUR"]

1. e4 e5 2. Nf3 Nc6 3. d4 exd4 4. Bc4 Nf6 5. 0-0 d6 6. Nxd4 Be7 7. Nc3 0-0 8. h3 Ne5 9. Be2 c6 10. f4 Ng6 11. Be3 Re8 12. Bd3 Bf8 13. Qd2 Qc7 14. b3 a6 15. a4 c5 16. Nf3 b6 17. Nd5 Nxd5 18. exd5 Ne7 19. g4 g6 20. c4 Bg7 21. Rae1 f5 22. Qg2 Bd7 23. Bc1 Qc8 24. Bb2 fxg4 25. hxg4 Bxb2 26. Qxb2 Bxg4 27. Qf6 Qb7 28. Re6 Rad8 29. Ng5 Nf5 30. Bxf5 Bxf5 31. Rxd6 Qg7 32. Qxg7+ Kxg7 33. Rxb6 Rb8 34. Rxb8 Rxb8 35. Rf3 Re8 36. Kg2 h6 37. Nh3 a5 38. Ng1 Bc2 39. Rc3 Bd1 40. Nf3 Re2+ 41. Kg3 Rb2 42. Rd3 Bxb3 43. d6 Bxa4 44. d7 Bxd7 45. Rxd7+ Kf6 46. Rd6+ Kf5 47. Rd5+ Ke4 48. Rxc5 a4 49. Re5+ Kd3 50. Ra5 Kxc4 51. Rxa4+ Kd5 52. Ra6 g5 53. f5 Ke4 54. f6 Rb3 55. Re6+ Kf5 56. f7 1-0

[Event "TUR-chT2"]
[Site "Konya"]
[Date "2016.07.21"]
[Round "7.4"]
[White "Yeke, Serkan"]
[Black "Yuksel, Atilla Koksal"]
[Result "0-1"]
[WhiteElo "2174"]
[BlackElo "2081"]
[PlyCount "86"]
[EventDate "2016.07.17"]
[EventType "team-swiss"]
[EventRounds "9"]
[EventCountry "TUR"]
[SourceTitle "CBM 173 Extra"]
[Source "ChessBase"]
[SourceDate "2016.08.29"]
[SourceVersion "1"]
[SourceVersionDate "2016.08.29"]
[SourceQuality "1"]
[WhiteTeam "Istanbul Darussafaka"]
[BlackTeam "Ankara Dernegi"]
[WhiteTeamCountry "TUR"]
[BlackTeamCountry "TUR"]

1. c4 f5 2. Nf3 Nf6 3. Nc3 e6 4. g3 b6 5. Bg2 Bb7 6. 0-0 g6 7. d3 Bg7 8. e4 fxe4 9. Ng5 0-0 10. dxe4 e5 11. c5 Qe7 12. cxb6 axb6 13. Qb3+ Kh8 14. Nd5 Qd6 15. Nxf6 Qxf6 16. f4 Qe7 17. fxe5 Rxf1+ 18. Bxf1 h6 19. Nf3 Bxe4 20. Bd2 Nc6 21. Re1 Qc5+ 22. Be3 Qf8 23. Nd2 Bf5 24. Bg2 Bxe5 25. Bxc6 dxc6 26. Bxb6 Qd6 27. Nf3 Bg7 28. Bf2 Bg4 29. Re4 Bxf3 30. Qxf3 Rxa2 31. b4 Rb2 32. Bc5 Qd2 33. Qf2 Qd1+ 34. Re1 Qd5 35. Re2 Qd1+ 36. Re1 Qd3 37. Qf4 Qd5 38. Qe4 Qd2 39. Kf1 Qxh2 40. Qxc6 Qh3+ 41. Kg1 Qxg3+ 42. Kf1 Qd3+ 43. Kg1 Bd4+ 0-1